Responses for Show #6885 - Friday, July 18, 2014

Last regular-play game of Season 30.

Contestants

[<< previous game]

Winston Nguyen, a health aide from New York, New York

Jeff Filippini, an astrophysicist from Pasadena, California

Katie Wroblewski, a graduate student in history from Ypsilanti, Michigan (whose 1-day cash winnings total $9,201)

[next game >>]

Jeopardy! Round responses

MADONNA VIDEOS
STATELY LITERATURE
MEDICAL TALK
PROHIBITED AIRLINE CARRY‑ONS
DOUBLE STUFF
"V"OCABULARY
    $200 1
(Winston: What is "Vogue"?)

"Material Girl"

Winston
Triple Stumper
    $200 24
Connecticut

Katie
    $200 5
freckles

Jeff
    $200 3
knives

Katie
    $200 19
double-dip

Katie
    $200 13
valves

Katie
    $400 2
"Like A Virgin"

Katie
    $400 25
New Hampshire

Triple Stumper
    $400 6
(Jeff: What are allergies?)
[Alex draws a big breath.]
(Jeff: What is [*]?)
(Alex: That's it.)

hay fever

Jeff
    $400 4
(Katie: What are Tasers?)

cattle prods

KatieJeff
    $400 20
double dutch

Jeff
    $400 15
vermillion

Winston
    $600 14
"Papa Don't Preach"

Katie
    $600 28
Illinois

Jeff
    $600 7
dandruff

Winston
    $600 10
a crowbar

Jeff
    $600 21
(Katie: What is Route 66?)

the Las Vegas Strip

Katie
Triple Stumper
    $600 16
voracious

Winston
    $800 26
"Vogue"

Winston
    $800 29
Texasville

Triple Stumper
    $1,000 8
a nosebleed

Winston
    $800 11
solvent (or paint thinner)

Jeff
    $800 22
double solitaire

Triple Stumper
    $800 17
valance

Triple Stumper
    $1000 27
"Take A Bow"

Triple Stumper
    $1000 30
Ohio

Katie
    $1000 9
stretch marks

Jeff
    $1000 12
a gun or a pistol

Winston
    $1000 23
double bass

Jeff
    $1000 18
(Jeff: What is the vestment?)
(Katie: What is the vestibule?)
(Winston: I'll try vestuary?)
(Alex: No.)
(Winston: Made that up.)

vestry

KatieJeffWinston
Triple Stumper

Scores at the first commercial break (after clue 15):

Katie Jeff Winston
$1,000 $3,400 $2,800

Scores at the end of the Jeopardy! Round:

Katie Jeff Winston
$800 $4,400 $3,200

Double Jeopardy! Round responses

MADONNA VIDEOS
MOUNTAIN BIKING
EXPLORERS
SERIOUS TV
WEATHER REPORT
WE GOT "AINT" FUN
    $400 15
the Pietà

Katie
    $400 30
(Alex: Bring home [*], covered with plant life.)

a Christmas tree

Triple Stumper
    $400 29
Amundsen & Scott

Jeff
    $400 9
Japan

Winston
    $400 10
thunder

Jeff
    $400 23
an acquaintance

Winston
    $800 16
Botticelli

Winston
    $800 28
(Alex: Practice [*]--tough winters in Cleveland.)

indoors

Triple Stumper
    $800 20
Thomas James

Triple Stumper
    $800 8
Sarah

Jeff
    $800 11
winds

Jeff
    $800 24
sainthood

Katie
    $1200 17
Rafael

Winston
    $1200 1
tire treads

Katie
    $2,500 4
(Jeff: Who is Columbus?)
(Alex: No, who is [*]? Columbus went the opposite way.)

Vasco da Gama

Jeff
    $1200 5
Face the Nation

Katie
    $1200 12
muggy

Jeff
    $1200 25
complaint

Winston
    $1600 18
(Kate: What is a neck?)
(Alex: Be more specific.)
(Kate: Uh... a swan neck?)

a long neck

KatieJeff
    $1600 2
brake pad

Jeff
    $1600 3
Hernando de Soto

Triple Stumper
    $1600 6
Neil deGrasse Tyson

Winston
    $1600 13
El Niño

Winston
    $1600 26
restraints

Jeff
    $2000 21
The Annunciation

Katie
    $2000 22
Oregon

Winston
    $2000 19
John Speke

Triple Stumper
    $1,000 7
(Alex: Right! It came to you just in the nick of time. Way to go!)

Anderson Cooper

Winston
    $2000 14
blizzard

Triple Stumper
    $2000 27
plaintive

Triple Stumper

Scores at the end of the Double Jeopardy! Round:

Katie Jeff Winston
$4,800 $10,300 $13,400

[wagering suggestions for these scores]

Final Jeopardy! Round responses

FAMOUS HOMES
KatieWhat is Graceland?
$4,700
JeffWhat is the Waterfall House
$2,101
WinstonWhat is South Fork?
$3,333
Graceland

Final scores:

Katie Jeff Winston
$9,500 $8,199 $10,067
2nd place: $2,000 3rd place: $1,000 New champion: $10,067

Game dynamics:

Coryat scores:

Katie Jeff Winston
$4,800 $12,800 $14,200
12 R,
4 W
17 R,
2 W
(including 1 DD)
15 R
(including 2 DDs),
2 W

Combined Coryat: $31,800

[game clues] [game scores] [suggest correction]

Game tape date: 2014-03-19
The J! Archive is created by fans, for fans. Scraping, republication, monetization, and malicious use prohibited; this site may use cookies and collect identifying information. See terms. The Jeopardy! game show and all elements thereof, including but not limited to copyright and trademark thereto, are the property of Jeopardy Productions, Inc. and are protected under law. This website is not affiliated with, sponsored by, or operated by Jeopardy Productions, Inc. Join the discussion at JBoard.tv.